000 00693nam a2200229Ia 4500
005 20241129104253.0
008 241129s9999||||xx |||||||||||||| ||und||
020 _a9781032168784
037 _aTextual
040 _aRTL
_beng
_cRTL
041 _aeng
_2eng
084 _aYb4 R3
_qRTL
100 _aSpencer Stephen
_9601283
245 0 _aVisual research methods in the social sciences: Awakening visions
_cSpencer Stephen
250 _a2nd
260 _aUSA
_bMassachusetts Institute of Technology Publishing
_c2021
300 _axx,202p.
365 _aINR
_bRs.3494.30
650 _aSocial Sciences- Research
_921327
942 _cTB
_hYb4 R3
999 _c1225156
_d1225156